Capitals in Africa - One Minute Sprint - Statistics

General Stats
  • This quiz has been taken 9,912 times
    4,664 since last reset
  • The average score is 23 of 54
Answer Stats
capital % Correct
Cairo
90%
Pretoria
79%
Tunis
79%
Algiers
78%
Rabat
75%
Tripoli
67%
Abuja
60%
Nairobi
59%
Addis Ababa
58%
Kinshasa
56%
Luanda
55%
Accra
54%
Khartoum
54%
Mogadishu
50%
Juba
49%
Brazzaville
46%
Dakar
46%
Lusaka
45%
Maputo
43%
Windhoek
43%
Asmara
42%
Dodoma
42%
Freetown
42%
Bamako
41%
Banjul
41%
Djibouti
41%
Kigali
41%
Libreville
41%
Bangui
40%
Kampala
40%
Lomé
40%
Niamey
40%
Harare
38%
Antananarivo
35%
Maseru
35%
Monrovia
34%
Victoria
34%
Bissau
32%
Conakry
32%
N'Djamena
32%
Malabo
31%
Mbabane
31%
Porto-Novo
31%
Praia
31%
Gaborone
30%
São Tomé
30%
Nouakchott
29%
Gitega
28%
Yaoundé
28%
Lilongwe
27%
Moroni
27%
Port Louis
24%
Ouagadougou
23%
Yamoussoukro
22%
No matching quizzes found
Score Distribution
Percent of People with Each Score
Percentile by Number Answered
Your Score History
You have not taken this quiz since the last reset